000 00704nam a2200217 a 4500
001 000038426
003 DO-SdBNP
005 20211022143820.0
008 130411s2002 dr 000 0 spa d
040 _aDO-SdBNP
_bspa
_cBNPHU
082 4 _222
_bL735e
100 1 _aLinares, Manuel
_953454
245 1 0 _aExplorando el camino de la económia matemática /
_cManuell Linares.
260 _aSanto Domingo :
_bArtes Gráficas,
_c2002.
300 _a244 p. :
_bil., retrs. ;
_c30 cm.
500 _aIncluye referencias bibliográficas y notas al pie de las páginas
504 _aBibliografía : p. 243-244
590 _aInventariado, 2021 / DG
910 _aInventariado, 2021 / DG
942 _2ddc
_cLBS1
999 _c37916
_d37916